|
|
|
|
| LEADER |
00000cam a2200000 7i4500 |
| 001 |
0000001006 |
| 005 |
20131207.0 |
| 020 |
0 |
0 |
|a 8186247130
|
| 090 |
0 |
0 |
|a 633.58
|b RAT 1996
|
| 245 |
0 |
0 |
|a RATTAN resources of China and current status of conservation
|c Xu Huangcan ... (et al.)
|
| 260 |
0 |
0 |
|a Beijing, China :
|b International Network for Bamboo and Rattan ,
|c 1996
|
| 300 |
|
|
|a 18 p. ;
|c 28 cm.
|
| 440 |
0 |
0 |
|a INBAR working paper ; n. 7
|
| 500 |
0 |
0 |
|a Bibliography : [p. 17-18]
|
| 650 |
0 |
0 |
|a Rattan
|
| 700 |
0 |
1 |
|a Xu
|h Huangcan
|
| 710 |
1 |
1 |
|a International Network for Bamboo and Rattan (INBAR)
|
| 710 |
1 |
1 |
|a International Plant Genetic Resources Institute (IPGRI)
|
| 998 |
|
|
|a JPSM
|
| 999 |
|
|
|a 0000003053
|b Monograph
|c Open Shelf
|e Default branch
|